Quizzes
Events
Quiz Creation
Community
Videos
Private Events
Remove Ads
Sign In
Join for FREE
Feedback
Dark Mode
Quiz Categories
Sports
Geography
Music
Movies
Television
Just For Fun
Miscellaneous
History
Literature
Language
Science
Gaming
Entertainment
Religion
Holiday
For Kids
Quiz Lab
Recent
Popular Today
Quiz Kudos Today
Editor Picks
Curator Picks
Quizzes by...
Day
Popularity
Type
Ratings
Length
Year
Community
Subscriptions
Recent Discussions
Orange Saloon
Badges
Playlists
Quests
Create
Leaderboards
Showdown
Live 5
Trivia Bingo
Activity
Puzzle Library
Sporcle Events
Private Events
Virtual Trivia
Globe League
Become a Host
Pub Owners
SporcleCon
Opinionation
Our Games
Videos
Blog
Mobile Apps
Partnerships
Remove Ads and Go Orange
Feedback
History
US Presidents
World Leaders
Politics
Nation
Discovery
War
Decade
Year
Century
Biography
Art
History
US Presidents
World Leaders
Politics
Nation
Discovery
War
Decade
Year
Century
Biography
Art
Random Quiz
Search Sporcle
×
Quiz Lab
Quiz Lab
History
nphc
Type in answers that appear in a list
Type in answers that appear in a list
Classic
Best Score? Go Orange.
AKA's Original Founders Stats
Can you name the original founders of Alpha Kappa Alpha Sorority, Incorporated??
By
AlKAmist
3m
9 Questions
1,054 Plays
1,054 Plays
1,054 Plays
Comments
Comments
Give Quiz Kudos
Give Quiz Kudos
-
- Ratings
hide this ad
More Info
No Skip
Answers have to be entered in order without skipping
Answers have to be entered in order without skipping
Replay
Link that replays current quiz
Next Quiz
Link to next quiz in quiz playlist
You Got
0%
They Got
Avg Score
46%
Avg Friend Score
Upgrade to see
Score Distribution
Jump to the score distribution portion of the page
Score
0/9
Timer
03:00
0
Plays Today
Fact
Alpha Kappa Alpha's Founders
% Correct
?
???
100%
?
???
70.7%
?
???
52.3%
?
???
46.7%
?
???
43.2%
?
???
33.2%
?
???
28.8%
?
???
23.6%
?
???
19.5%
Quiz Playlist
Details
Report
Send in Message
Add To Playlist
More Info:
This is for interested members to enhance their learning and research experience. Impress my wonderful sorors with your knowledge of our organization!
Classic:
Type in answers that appear in a list
No Skip:
Answers have to be entered in order without skipping
Quiz Source
Last Updated: Feb 16, 2017
Quiz Scoreboard
CHALLENGE
Sign Up to Join the Scoreboard
Show All
Scores
Hide
Comments
May contain spoilers
Recently Published
One Thing in Common: World Cities II
by knightlancer
Geography
7m
Popular People in 1961
by mucciniale
History
6m
1-10 Letter E Words III
by El_Dandy
Language
2m
More to Explore
Quiz From the Vault
Featured Blog Post
Where Did the Easter Bunny Come From?
hide this ad
You Might Also Like...
Tags
nphc
Sorority
Today's Top Quizzes in History
Browse History
hide this ad
Top Contributed Quizzes in History
1
Popular People in 1991
2
Popular People in 1981
3
Popular People in 1951
4
Popular People in 1941
5
Popular People in 1986
6
Popular People in 1921
7
Popular People in 1976
8
Popular People in 1946
9
Popular People in 1936
10
I Am Born On March 28th
Explore More
Trending Topics
Anime
Harry Potter
Kpop
NBA
Marvel
Crossword
Disney
NFL
Puzzle
Song
Soccer
WWE
The Office
Pokémon
Country
hide this ad
More By:
AlKAmist
Quiz
Plays
Rating
Category
Featured
Created
NPHC Quiz (correct)
1,077
2.33
History
Dec 5, 2010
AKA's Original Founders
1,054
5.00
History
Dec 5, 2010
Go to Creator's Profile
Score Distribution
Quiz Creator Spotlight
AlKAmist
Follow
Send a Message
Quizzes Created
-
Created Quiz Play Count
-
More By This Creator
Popular Quizzes Today
1
Find the US States - No Outlines Minefield
2
The Countries of the World
3
Popular People in 1961
4
Find the Countries of Europe - No Outlines Minefield
5
1-10 Letter E Words III
6
Find the US States
7
One Thing in Common: World Cities II
8
US States
More History Quizzes
Get The Picture: Painters, He or She
Curator's Pick
Trending Quizzes
Country Music Stars Doing Things
Get the Picture: Carrie or Dolly
1-10 Letter F Words
1-10 Letter G Words
Risky Map Clicking: Next State Alphabetically
Recently Updated
Leaping Animals
pecheneg
Reality TV Shows (A-Z)
bhenderson79
Rickey Henderson's Hall of Fame Teammates
pecheneg
Champions League XIs: Arsenal
pecheneg
Quick Pick: Celebrities in WWE's Hall of Fame
aduchscher
A-Z Keypad Blitz II
pecheneg
Multiple Oscar Actors
pecheneg
Mystery Phrase Blitz: Oscar 'Best Actors'
pecheneg
F. Scott Fitzgerald Novels
LTH
Pick 3 Villains
ddd62291
Trending Topics
Kpop
Anime
Disney
Crossword
Harry Potter
Marvel
NBA
Song
Pokémon
WWE
The Office
Country
NFL
Soccer
Puzzle
Your Account Isn't Verified!
In order to create a playlist on Sporcle, you need to verify the email address you used during registration. Go to your
Sporcle Settings
to finish the process.
Report this User
Report this user for behavior that violates our
Community Guidelines
.
Details:
Send Report
Go to the Sporcle.com Mobile Site →
Comments